Statistiques concernant Questions pour un Champion #2

Cliquez ici pour prendre le quiz!

Statistiques générales

  • Ce quiz a été pris 977 fois
  • Le résultat moyen est 12 sur 36

Statistiques - réponses

QuestionsRéponse% Correct
[1 point] Sous quel nom est mieux connue l’entreprise « Fabbrica Italiana Automobili Torino »?
FIAT
88%
[1 point] Comment se nomme le résultat d’une addition?
Somme
85%
1. Dans Cendrillon, quel aliment est transformé en carrosse par la fée marraine?
Une citrouille
78%
1. Quel célèbre humoriste français est né Michel Colucci?
Coluche
72%
[2 points] Quelle anomalie chromosomique est également connue sous le nom de syndrome de Down?
Trisomie 21
72%
1. Quelle ville est la première à avoir été hôte à la fois des jeux d’été (en 2008) et d’hiver (en 2022)?
Pékin
64%
2. Comment se nomme le menuisier qui aurait créé Pinocchio?
Geppetto
61%
[1 point] Comment se nomme le petit du bélier?
Agneau
48%
2. Qui est crédité pour la création des jeux olympiques modernes?
Pierre de Coubertin
41%
[2 points] Dans quelle ville indienne Mère Teresa a-t-elle passé la majorité de sa vie et est-elle morte?
Kolkata
39%
[2 points] Quel chanteur a publié l’album ÷ en 2017?
Ed Sheeran
38%
[1 point] Quel nom est utilisé pour désigner un athlète pratiquant le ski de fond?
Fondeur
37%
2. Quel philosophe de la Renaissance (1533-1592) est connu pour avoir écrit « les essais »?
Michel de Montaigne
34%
Romancier américain spécialiste du roman d’horreur né le 20 août 1890 et mort le 15 mars 1937,
30%
[3 points] Sous quel nom était connue la danseuse exotique d’origine néerlandaise qui a été fusillée pour espionnage le 15 octobre 1917?
Mata Hari
29%
Peintre surréaliste, né le 21 novembre 1898 à Lessines et mort le 15 août 1967 à Bruxelles
28%
On me doit une créature dotée d’une tête de seiche et reconnaissable à ses ailes et tentacules
27%
4. À leur création, en 1924, les jeux olympiques d'été et d'hiver se déroulaient la même année. Quelle est la dernière année où ce fut le cas?
1992
26%
On me doit des œuvres comme Le fils de l’homme, Golconde et La trahison des images
26%
Golconde dépeint une scène où des hommes au chapeau melon pleuvent du ciel.
26%
Tandis que dans la trahison des images, on voit une pipe accompagnée de la mention « Ceci n’est pas une pipe ». Je suis prénommé René.
René Magritte
23%
Par extension, l’univers de fiction peuplé de ces extraterrestres terrifiants est qualifié de « mythe de Cthulhu »
23%
3. Où siège le comité international olympique?
Lausanne
23%
4. En 1613, quelle dynastie qui régna sur la Russie jusqu'en 1918 fut fondée par Michel Ier?
Romanov
23%
Peuple extraterrestre d’une série de science-fiction, mon représentant le plus connu a été incarné par Leonard Nimoy.
21%
3. Complétez les paroles du premier couplet de la chanson thème de la reine des neiges :
« L’hiver s’installe doucement dans la nuit/La neige est reine à son tour/ Un royaume de solitude/____ _______ _____ ____ _____ _____ (6 mots)
Ma place est là pour toujours
21%
L’adjectif « lovecraftien » est dérivé de mon patronyme
H. P. Lovecraft
19%
Je suis reconnaissable à mon salut en V dans lequel le majeur et l'index ainsi que l'annulaire et l'auriculaire sont collés.
19%
Mon représentant le plus connu, nommé Spock, est attaché scientifique et premier officier du vaisseau Enterprise.
17%
[2 points] Dans le Seigneur des Anneaux, comment se nomme la forteresse de Saroumane?
Isengard
17%
Ma planète, de laquelle je tire mon nom, est nommée en l’honneur du dieu romain des volcans, du feu et de la forge.
Vulcain
14%
4. Quel Disney devient, en 1992, le premier film d’animation nommé à l’oscar du meilleur film?
La belle et la bête
14%
[3 points] Tomás de Torquemada (1420-1498) est célèbre pour avoir pris part à quel évènement historique?
L'Inquisition espagnole
13%
[3 points] Comment se nomme le métier qui consiste à être maître, guide et soigneur d'un éléphant?
Cornac
10%
3. En l’honneur de quel physicien britannique l’unité SI de capacité électrique a-t-elle été nommée?
Michael Faraday
10%
[3 points] Quel hôtel de New York a donné son nom à une salade de pomme, de céleri et de noix de Grenoble?
Waldorf
3%

Distribution des résultats

Percentile par nombre de réponses

% des personnes avec chaque résultat

Votre développement - résultats

Vous n’avez pas pris ce quiz